Tribhuvan University Central Library

Chulachuli gajal darpan (Record no. 42338)

MARC details
000 -LEADER
fixed length control field 005220000a22002290004500
082 ## - DEWEY DECIMAL CLASSIFICATION NUMBER
Classification number N895.511
Item number Ko395c
020 ## - INTERNATIONAL STANDARD BOOK NUMBER
International Standard Book Number 99946-56-36-8
041 ## - LANGUAGE CODE
Language code of text/sound track or separate title Nep
015 ## - NATIONAL BIBLIOGRAPHY NUMBER
National bibliography number NNB
100 ## - MAIN ENTRY--PERSONAL NAME
Personal name Koirala, Balibhadra, sampa.
245 ## - TITLE STATEMENT
Title Chulachuli gajal darpan
260 ## - PUBLICATION, DISTRIBUTION, ETC. (IMPRINT)
Place of publication, distribution, etc Ilam
Name of publisher, distributor, etc Anurag Sahitya Samaj, Nepal
260 ## - PUBLICATION, DISTRIBUTION, ETC. (IMPRINT)
Date of publication, distribution, etc 2062 B.S.
300 ## - PHYSICAL DESCRIPTION
Extent vols.
365 ## - TRADE PRICE
Price type code Rs.100.00
518 ## - DATE/TIME AND PLACE OF AN EVENT NOTE
Date/time and place of an event note 20070928
530 ## - ADDITIONAL PHYSICAL FORM AVAILABLE NOTE
Additional physical form available note M
650 ## - SUBJECT ADDED ENTRY--TOPICAL TERM
Topical term or geographic name as entry element Nepali literature
650 ## - SUBJECT ADDED ENTRY--TOPICAL TERM
Topical term or geographic name as entry element Nepali poetry
650 ## - SUBJECT ADDED ENTRY--TOPICAL TERM
Topical term or geographic name as entry element Nepali gajal
942 ## - ADDED ENTRY ELEMENTS (KOHA)
Koha item type General Collections
Holdings
Withdrawn status Lost status Damaged status Not for loan Home library Current library Date acquired Total Checkouts Barcode Date last seen Price effective from Date checked out
        Tribhuvan University Central Library Tribhuvan University Central Library 06/20/2010   G63783cs 06/20/2010 06/20/2010  
        Tribhuvan University Central Library Tribhuvan University Central Library 06/20/2010 2 G63861 10/01/2015 06/20/2010 09/11/2015